000 00445nam a2200193Ia 4500
008 210210b1904 xxu||||| |||| 00| 0 eng d
041 _aeng
082 _a940/297
100 _aSEEBOHM
245 _aEra of the protestant revolution
260 _aLondon
_bLongmans Green & Co
_c1904
650 _athe
650 _arevolution
650 _aprotestant
650 _aof
650 _aEra
690 _aEuropean History
906 _a025363
999 _c151234
_d151234